Elementary statistics : (Record no. 16349)

000 -LEADER
fixed length control field 01417cam a2200289 a 4500
001 - CONTROL NUMBER
control field 16063404
005 - DATE AND TIME OF LATEST TRANSACTION
control field 20161109155655.0
008 - FIXED-LENGTH DATA ELEMENTS--GENERAL INFORMATION
fixed length control field 100121s2012 maua b 001 0 eng
010 ## - LIBRARY OF CONGRESS CONTROL NUMBER
LC control number 2010000454
020 ## - INTERNATIONAL STANDARD BOOK NUMBER
International Standard Book Number 9780321693624
020 ## - INTERNATIONAL STANDARD BOOK NUMBER
International Standard Book Number 0321693620
035 ## - SYSTEM CONTROL NUMBER
System control number (OCoLC)ocn501402151
040 ## - CATALOGING SOURCE
Original cataloging agency DLC
Transcribing agency DLC
Modifying agency YDX
-- YDXCP
-- BWX
-- SZR
-- DLC
050 00 - LIBRARY OF CONGRESS CALL NUMBER
Classification number QA276.12
Item number .L373 2012
082 00 - DEWEY DECIMAL CLASSIFICATION NUMBER
Classification number 519.5
Edition number 22
100 1# - MAIN ENTRY--PERSONAL NAME
Personal name Larson, Ron,
Dates associated with a name 1941-
245 10 - TITLE STATEMENT
Title Elementary statistics :
Remainder of title picturing the world /
Statement of responsibility, etc. Ron Larson, Betsy Farber.
250 ## - EDITION STATEMENT
Edition statement 5th ed.
260 ## - PUBLICATION, DISTRIBUTION, ETC. (IMPRINT)
Place of publication, distribution, etc. Boston :
Name of publisher, distributor, etc. Pearson Prentice Hall,
Date of publication, distribution, etc. c2012.
300 ## - PHYSICAL DESCRIPTION
Extent xix, 649, [113] p. :
Other physical details ill. (some col.) ;
Dimensions 29 cm.
504 ## - BIBLIOGRAPHY, ETC. NOTE
Bibliography, etc Includes bibliographical references and index.
505 0# - FORMATTED CONTENTS NOTE
Formatted contents note Introduction to statistics -- Descriptive statistics -- Probability -- Discrete probability distributions -- Normal probability distributions -- Confidence intervals -- Hypothesis testing with one sample -- Hypothesis testing with two samples -- Correlation and regression -- Chi-square tests and the F-distribution -- Nonparametric tests.
650 #0 - SUBJECT ADDED ENTRY--TOPICAL TERM
Topical term or geographic name as entry element Statistics
Form subdivision Textbooks.
700 1# - ADDED ENTRY--PERSONAL NAME
Personal name Farber, Elizabeth.
906 ## - LOCAL DATA ELEMENT F, LDF (RLIN)
a 7
b cbc
c orignew
d 1
e ecip
f 20
g y-gencatlg
942 ## - ADDED ENTRY ELEMENTS (KOHA)
Source of classification or shelving scheme
Koha item type Hard Covered Materials
Classification part QA276.12 .L373 2012
Holdings
Withdrawn status Lost status Source of classification or shelving scheme Damaged status Not for loan Home library Current library Shelving location Date acquired Source of acquisition Total Checkouts Full call number Barcode Date last seen Price effective from Koha item type
          MACHAKOS UNIVERSITY LIBRARY MACHAKOS UNIVERSITY LIBRARY Technical section 09/11/2016 Donation (BFA)   QA276.12 .L373 2012 22548 25/06/2018 09/11/2016 Hard Covered Materials
© Machakos University Library, Along The Highway, Machakos Wote Rd, Machakos, Kenya P.O. Box 136 - 90100 Machakos - Kenya

Tel: ( +254 ) 723 805829 OR Fax : 044-20353 OR Email: library@mksu.ac.ke